| 000 | 00801nam a22002177a 4500 | ||
|---|---|---|---|
| 001 | 1612 | ||
| 005 | 20230911131911.0 | ||
| 020 | _a9781443448840 | ||
| 040 |
_aFISKH _beng _cFISKH _dFISKH |
||
| 050 | _aPZ7.C68 | ||
| 082 | _a317 | ||
| 100 | _aCovello, Paul | ||
| 245 |
_aCanada ABC _cPaul Covello |
||
| 260 |
_aToronto : _bHarperCollins, _c2016 |
||
| 300 |
_a30 unnumbered pages : _c23 cm |
||
| 505 | _aC | ||
| 520 | _aA is for Arctic, B is for Beaver ... Paul Covello's gloriously bright and detailed board book for the very young highlights Canada's iconic symbols, souvenirs and events, including the Dogsled, Inuksuk, Loonie, Totem Pole and the Zamboni machine. From the author of the beloved Toronto ABC. | ||
| 521 |
_a100
_bLexile estimate |
||
| 521 |
_aC
_bRaz-Plus |
||
| 942 |
_2ddc _cBK _n0 |
||
| 999 |
_c1612 _d1612 |
||